The military revolution : (Record no. 551702)
[ view plain ]
| 000 -LEADER | |
|---|---|
| fixed length control field | 00811pam a2200193 a 4500 |
| 020 ## - INTERNATIONAL STANDARD BOOK NUMBER | |
| International Standard Book Number | 0521326079 |
| 082 00 - DEWEY DECIMAL CLASSIFICATION NUMBER | |
| Classification number | 355/.0094 |
| Author Mark | PAR |
| -- | D |
| 100 1# - MAIN ENTRY--PERSONAL NAME | |
| Personal name | Parker, Geoffrey, |
| 9 (RLIN) | 48640 |
| 245 14 - TITLE STATEMENT | |
| Title | The military revolution : |
| Remainder of title | military innovation and the rise of the west, 1500-1800 / |
| Statement of responsibility, etc. | Geoffrey Parker. |
| 260 ## - PUBLICATION, DISTRIBUTION, ETC. | |
| Place of publication, distribution, etc. | Cambridge [England] ; |
| -- | New York : |
| Name of publisher, distributor, etc. | Cambridge University Press, |
| Date of publication, distribution, etc. | 1988. |
| 300 ## - PHYSICAL DESCRIPTION | |
| Extent | xvii, 234 p. : |
| Other physical details | ill. ; |
| Dimensions | 26 cm. |
| 500 ## - GENERAL NOTE | |
| General note | "The Lees Knowles lectures, 1984, given at Trinity College, Cambridge"--Half t.p. |
| 500 ## - GENERAL NOTE | |
| General note | Includes indexes. |
| 526 ## - STUDY PROGRAM INFORMATION NOTE | |
| Program name | 0 |
| Interest level | 0 |
| Reading level | 0 |
| Title point value | 355_009400000000000_PAR |
| 650 #0 - SUBJECT ADDED ENTRY--TOPICAL TERM | |
| Topical term or geographic name entry element | Military art and science |
| Geographic subdivision | Europe |
| General subdivision | History |
| 9 (RLIN) | 48837 |
| 650 #0 - SUBJECT ADDED ENTRY--TOPICAL TERM | |
| Topical term or geographic name entry element | Military art and science |
| Geographic subdivision | Europe |
| General subdivision | History |
| 9 (RLIN) | 48837 |
| 650 #0 - SUBJECT ADDED ENTRY--TOPICAL TERM | |
| Topical term or geographic name entry element | Military art and science |
| Geographic subdivision | Europe |
| General subdivision | History |
| 9 (RLIN) | 48837 |
| 942 ## - ADDED ENTRY ELEMENTS (KOHA) | |
| Source of classification or shelving scheme | |
| Koha item type | Book |
| Withdrawn status | Lost status | Source of classification or shelving scheme | Damaged status | Not for loan | Permanent Location | Current Location | Date acquired | Total Checkouts | Full call number | Barcode | Date last seen | Price effective from | Koha item type |
|---|---|---|---|---|---|---|---|---|---|---|---|---|---|
| Military College of Engineering (MCE) | Military College of Engineering (MCE) | 12/24/2014 | 355.0094 PAR | MCE-44287 | 12/24/2014 | 03/14/2021 | Book |
